000 00480nam a2200181Ia 4500
999 _c1400
_d1400
003 OSt
005 20200924115225.0
008 190216s9999||||xx |||||||||||||| ||und||
020 _a8185031193
040 _coclc
082 _a577
_bAGA/E
100 _aAgarwal, K C
_94931
245 0 _aEnvironmental Biology /
_cK C Agarwal
260 _bAB Publishers,
_c1987.
_aDelhi:
300 _a439p
650 _aBiology
942 _cBK
_2ddc
_h577
_iAGA/E
_k577
_mAGA/E